Voyage autour du monde (Record no. 151745)

MARC details
000 -LEADER
campo de control de longitud fija 00647nam a2200169 i 4500
001 - NÚMERO DE CONTROL
campo de control 151745
003 - IDENTIFICADOR DE NÚMERO DE CONTROL
campo de control ES-MaACL
005 - FECHA Y HORA DE LA ÚLTIMA TRANSACCIÓN
campo de control 20251015063134.0
008 - DATOS DE LONGITUD FIJA--INFORMACIÓN GENERAL
campo de control de longitud fija 030421s1875 fr ab |||| | fre d
100 1# - ENTRADA PRINCIPAL--NOMBRE DE PERSONA
Nombre de persona Beauvoir, Ludovic,
Títulos y otros términos asociados al nombre Comte de
9 (RLIN) 26848
245 10 - MENCIÓN DEL TÍTULO
Título Voyage autour du monde
Resto del título : Australie, Java, Siam, Canton, Pekin, Yeddo, San Francisco /
Mención de responsabilidad, etc. par le Comte de Beauvoir.
260 ## - PUBLICACIÓN, DISTRIBUCIÓN, ETC.
Lugar de publicación, distribución, etc. Paris :
Nombre del editor, distribuidor, etc. E. Plon,
Fecha de publicación, distribución, etc. 1875.
300 ## - DESCRIPCIÓN FÍSICA
Extensión 661 p., [2] h. de mapa, [5] h. de mapa pleg., [1] h. plano :
Otras características físicas il. ;
Dimensiones 29 cm.
650 04 - PUNTO DE ACCESO ADICIONAL DE MATERIA--TÉRMINO DE MATERIA
Término de materia o nombre geográfico como elemento de entrada Viajes alrededor del mundo-
Subdivisión cronológica S.XIX.
9 (RLIN) 151090
852 ## - LOCALIZACIÓN
Ubicación ES-MaACL
Número de control de estantería C-106
Nota libre - Enc. tela
Holdings
Estatus retirado Estado de pérdida Estado de daño No para préstamo Colección Biblioteca de origen Biblioteca actual Ubicación en estantería Fecha de adquisición Fuente de adquisición Total de préstamos Signatura topográfica completa Código de barras Visto por última vez Precio de reemplazo Tipo de ítem Koha
        Libros del s. XIX Biblioteca del Ateneo de Madrid Biblioteca del Ateneo de Madrid Sala Palomar 17/01/2008     C-106 1158371 23/02/2023 23/02/2023 Libro impreso antiguo